| 000 | 01011nas a2200325 4500 | ||
|---|---|---|---|
| 001 | BR0704948 | ||
| 003 | BR-BrBNA | ||
| 005 | 20231205110954.0 | ||
| 007 | ta | ||
| 008 | 230509b bl.|||p| |||| 00| 00por d | ||
| 040 |
_aBR-BrBNA _bpor _cBiblioteca Nacional de Agricultura |
||
| 041 | _a(Pt) | ||
| 072 | _aF01 | ||
| 100 | 1 | _aOliveira, M.A. de | |
| 100 | 1 | _aDonega, M.A. | |
| 100 | 1 | _aPeralta, R.M. | |
| 100 | 1 | _aSouza, C.G.M. de | |
| 245 | 1 | _aProdução de inóculo do cogumelo comestível Pleurotus pulmonarius (Fr.)Quélet - CCB19 a partir de resíduos da agroindústria | |
| 650 | _aCOGUMELO COMESTÍVEL | ||
| 650 | _aSEMENTE | ||
| 650 | _aRESÍDUO | ||
| 650 | _aINDÚSTRIA AGRÍCOLA | ||
| 650 | _aBASIDIOMICETES | ||
| 650 | _aPROTEÍNA | ||
| 650 | _aMICRORGANISMO | ||
| 650 | _aPRODUTIVIDADE | ||
| 773 | 0 |
_tCiência e Tecnologia de Alimentos (Brazil) _xISSN 0101-2061 _g(Aug 2007), v. 27(supl.) p. 84-87 _wBR0704948 |
|
| 909 |
_a202311 _bLúcia _c55 _dLúcia Elande |
||
| 942 |
_2AGRIS _n0 _cANA |
||
| 999 |
_c190015 _d190015 |
||